000 00919nac a22002777a 4500
001 BR8700355
003 BR-BrBNA
005 20240105120444.0
008 230509b bl.|||m| |||| 00| 0 por d
040 _aBR-BrBNA
_bpor
_cBiblioteca Nacional de Agricultura
072 _aL72; L73
090 _a5212 BR8700355
100 1 _aBrant, M.C.
110 1 _aEmpresa de Pesquisa Agropecuaria de Minas Gerais, Belo Horizonte (Brasil)
245 1 _aA importancia do controle da verminose em bezerros no vale do rio Doce
260 3 _aBelo Horizonte, MG (Brasil):
_c1983.
300 _a1 p.
490 _aPesquisando - Empresa de Pesquisa Agropecuaria de Minas Gerais (Brazil)
_vno. 88
_xISSN 0102-2164
650 _aBEZERRO
650 _aVERMINOSE
650 _aCONTROLE QUIMICO
650 _aANTI-HELMINTICO
650 _aMINAS GERAIS
909 _a202312
_bLúcia Elande
_c55
_dLúcia Elande
942 _2AGRIS
_n0
_cMS
999 _c279530
_d279530